banner-ar

الفكر الادبى المعاصر / (Record no. 40862)

MARC details
000 -الفاتح
حقل البيانات ثابتة الطول 00505nam a2200193Ia 4500
008 - عناصر البيانات ثابتة الطول - معلومات عامة
حقل البيانات ثابتة الطول 140319s9999 xx 000 0 ara d
040 ## - مصدر الفهرسة
وكالة الفهرسة الأصلية GCL /
وكالة النسخ GCL
082 04 - رقم تصنيف ديوى العشرى
رقم التصنيف 809.04
رقم المادة و ف
100 1# - المدخل الرئيسى - إسم شخصى
الإسم الشخصى محمد مصطفى بدوى
245 10 - بيان العنوان
العنوان الفكر الادبى المعاصر /
بيان المسئوليه,etc محمد مصطفى بدوى
700 1# - المدخل الاضافى - اسم شخصى
الإسم الشخصى واطسن
700 1# - المدخل الاضافى - اسم شخصى
الإسم الشخصى جورج
300 ## - الوصف المادى
التعداد 193 ص
490 ## - بيان السلسلة
عنوان السلسلة كتاب
رقم المجلد/ التعيين التسلسلي 0
650 04 - المدخل الاضافى بالموضوع-مصطلح موضوعى
مصطلح موضوعي الادب
650 04 - المدخل الاضافى بالموضوع-مصطلح موضوعى
مصطلح موضوعي تاريخ ونقد
942 ## - عناصر المدخل الإضافي( كوها)
مصدر التصنيف او مخطط الترفيف Dewey Decimal Classification
Koha [default] item type كتاب
Holdings
حالة التراجع حالة الفقد حالة تلف ليس للاعارة المكان المؤقت الموقع الحالى تاريخ الاكتساب اجمالي اﻻعارات رقم الطلب الباركود تاريخ اخر مشاهدة تاريخ تفعيل السعر نوع وعاء كوها مصدر التصنيف او خطة الترفيف
        مكتبة القاهرة الكبرى مكتبة القاهرة الكبرى 03/26/2014   809.04\و ف 98635 03/26/2014 03/26/2014 كتاب  
        مكتبة القاهرة الكبرى مكتبة القاهرة الكبرى 07/13/2019   809.04\و ف 166114 07/13/2019 07/13/2019 كتاب ddc

Powered By

EGPV